Broadway Casts of Characters 1 Quiz Stats

Quiz not verified by Sporcle

Challenge
Share
Tweet
Embed
Score 0/40 Timer 06:00
0 Plays Today
% Correct
Belle
93.2%
Gaston
90.6%
Lumiere
88%
Cogsworth
83.9%
Lefou
77.3%
Grizabella
74.4%
Rumpleteazer
71.2%
Macavity
69.9%
Jennyanydots
64.9%
Harold Hill
62.3%
Curly McLain
61.9%
John Proctor
58.2%
Abigail Williams
58.2%
Aunt Eller
56.1%
Ado Annie
54.9%
Jud Fry
54.8%
Marian Paroo
54.2%
Barnaby Tucker
48%
Horace Vandergelder
44.9%
Mary Warren
44.8%
% Correct
Cornelius Hackl
43.8%
Emily Webb
42.2%
Bustopher Jones
41.8%
Samuel Parris
39.6%
Tituba
39.1%
Eulalie Mackecknie Shinn
38.9%
Stage Manager
38.7%
Frank Gibbs
38%
Irene Molloy
37.8%
George Gibbs
37.7%
Ernestina Money
36.2%
Marcellus Washburn
35.5%
Ali Hakim
33.4%
Dave Moss
33.2%
George Aaronow
30.4%
Ricky Roma
28.5%
Tommy Djilas
28.3%
Shelly 'The Machine' Levene
27.9%
John Williamson
25.1%
Simon Stimson
18.5%

You're not logged in!

Compare scores with friends on all Sporcle quizzes.
Sign Up with Email
OR
Log In

You Might Also Like...

Show Comments

Extras

Top Quizzes Today


Score Distribution

Your Account Isn't Verified!

In order to create a playlist on Sporcle, you need to verify the email address you used during registration. Go to your Sporcle Settings to finish the process.

Report this User

Report this user for behavior that violates our Community Guidelines.

Details: